01473pab a2200169 454500008004000000100001900040245012200059260000900181300001500190362000800205520097400213650002601187650001501213700001201228700001801240773004501258180718b2015 xxu||||| |||| 00| 0 eng d aLiu, Bangcheng aWork-related stressors and health-related outcomes in public service: examining the role of public service motivation c2015 ap.653-673. aNov aWhile business and psychology researchers have strived to identify effective strategies to reduce occupational stress, public administration scholars have paid insufficient attention to this issue. This article examines the role of motivational bases in the stressor wellbeing relationship, a nascent research area in business and psychology, focusing on a particular type of motivation that is salient in public organizations: public service motivation (PSM). Based on a survey of 412 police officers from a large metropolitan city in eastern China, this study finds that PSM moderates the relationship between work stressors and individual wellbeing. Respondents with higher levels of PSM can better handle the increase of stressors so that their physical and mental wellbeing will decrease more slowly. Overall, respondents with higher levels of PSM tend to experience higher mental wellbeing but lower physical wellbeing than their low-PSM colleagues. - Reproduced. aOccupational diseases aMotivation aYu, Wei aYang, Kaifeng aAmerican Review of Public Administration